Statistics for 2015-2016 Champions League

Click here to take the quiz!

General Stats

  • This quiz has been taken 273 times
  • The average score is 25 of 32

Answer Stats

GroupCountryTeam% Correct
AFranceParis Saint-Germain
98%
ASpainReal Madrid
98%
ESpainBarcelona
96%
EGermanyBayer Leverkusen
94%
BEnglandManchester United
94%
DEnglandManchester City
92%
DItalyJuventus
91%
CSpainAtletico Madrid
90%
BNetherlandsPSV Eindhoven
90%
GEnglandChelsea
89%
FEnglandArsenal
87%
CPortugalBenfica
87%
GPortugalFC Porto
87%
FGermanyBayern Munich
85%
HFranceLyon
82%
EItalyRoma
81%
DSpainSevilla
81%
ASwedenMalmo FF
79%
CTurkeyGalatasaray
78%
AUkraineShakhtar Donetsk
78%
HSpainValencia CF
78%
BRussiaCSKA Moscow
74%
FGreeceOlympiacos
73%
BGermanyWolfsburg
73%
HRussiaZenit
70%
GUkraineDynamo Kyiv
64%
FCroatiaDinamo Zagreb
63%
GIsraelMaccabi Tel-Aviv
56%
CKazakhstanFC Astana
52%
HBelgiumKAA Gent
52%
EBelarusBATE Borisov
50%
DGermanyMonchengladbach
50%

Score Distribution

Percentile by Number Answered

Percent of People with Each Score

Your Score History

You have not taken this quiz